Quizzes
Events
Quiz Creation
Community
Videos
Private Events
Remove Ads
Sign In
Join for FREE
Feedback
Dark Mode
Quiz Categories
Sports
Geography
Music
Movies
Television
Just For Fun
Miscellaneous
History
Literature
Language
Science
Gaming
Entertainment
Religion
Holiday
For Kids
Quiz Lab
Recent
Popular Today
Quiz Kudos Today
Editor Picks
Curator Picks
Quizzes by...
Day
Popularity
Type
Ratings
Length
Year
Community
Subscriptions
Recent Discussions
Orange Saloon
Badges
Playlists
Quests
Create
Leaderboards
Showdown
Live 5
Trivia Bingo
Activity
Puzzle Library
Sporcle Events
Private Events
Virtual Trivia
Globe League
Become a Host
Pub Owners
SporcleCon
Opinionation
Our Games
Videos
Blog
Mobile Apps
Partnerships
Remove Ads and Go Orange
Feedback
Sports
Athletes
MLB
NBA
NHL
NFL
Soccer
Sports Teams
WWE
NCAA
Football
Premier League
Basketball
Baseball
Hockey
Golf
Tennis
Cricket
Rugby
Auto Racing
Olympics
World Cup
Sports
Athletes
MLB
NBA
NHL
NFL
Soccer
Sports Teams
WWE
NCAA
Football
Premier League
Basketball
Baseball
Hockey
Golf
Tennis
Cricket
Rugby
Auto Racing
Olympics
World Cup
Random Quiz
Search Sporcle
×
Quiz Lab
Quiz Lab
Sports
opponent
Type in answers that appear in a list
Type in answers that appear in a list
Classic
Best Score? Go Orange.
Can you name the PPV Opponents of The Rock Stats
Can you name the Can you name the PPV Opponents of The Rock
By
randyorko3589
10m
119 Questions
86 Plays
86 Plays
86 Plays
Comments
Comments
Give Quiz Kudos
Give Quiz Kudos
-
- Ratings
hide this ad
Replay
Link that replays current quiz
Next Quiz
Link to next quiz in quiz playlist
You Got
0%
They Got
Avg Score
88%
Avg Friend Score
Upgrade to see
Score Distribution
Jump to the score distribution portion of the page
Score
0/119
Timer
10:00
0
Plays Today
PPV
Opponent
% Correct
Survivor Series 1996
Hunter Hearst Helmsley
100%
In Your House 13: Final Four
Hunter Hearst Helmsley
100%
D-
Generation X: In Your House
Steve Austin
100%
Royal Rumble 1998 (Eliminated by)
Steve Austin
100%
Fully Loaded: In Your House
Triple H
100%
SummerSlam 1998
Triple H
100%
WrestleMania XV
Steve Austin
100%
Backlash: In Your House
Steve Austin
100%
Over the Edge 1999
Triple H
100%
Fully Loaded 1999
Triple H
100%
Unforgiven 1999
Triple H
100%
Rebellion 1999
Triple H
100%
Survivor Series 1999
Triple H
100%
WrestleMania 2000
Triple H
100%
Backlash 2000
Triple H
100%
Insurrextion 2000
Triple H
100%
Judgment Day 2000
Triple H
100%
King of the Ring 2000
Triple H
100%
SummerSlam 2000
Triple H
100%
Rebellion 2000
Steve Austin
100%
Armageddon 2000
Triple H
100%
Armageddon 2000
Steve Austin
100%
WrestleMania X-
Seven
Steve Austin
100%
Rebellion 2001
Steve Austin
100%
Survivor Series 2001
Steve Austin
100%
WrestleMania XIX
Steve Austin
100%
Survivor Series 1998
The Undertaker
97.7%
King of the Ring 1999
The Undertaker
97.7%
Unforgiven 1999
Kane
97.7%
Unforgiven 2000
The Undertaker
97.7%
Unforgiven 2000
Kane
97.7%
Armageddon 2000
The Undertaker
97.7%
Royal Rumble 2001 (Eliminated by)
Kane
97.7%
No Way Out 2002
The Undertaker
97.7%
Vengeance 2002
The Undertaker
97.7%
SummerSlam 2000
Kurt Angle
96.5%
No Mercy 2000
Kurt Angle
96.5%
Rebellion 2000
Kurt Angle
96.5%
Armageddon 2000
Kurt Angle
96.5%
No Way Out 2001
Kurt Angle
96.5%
PPV
Opponent
% Correct
Survivor Series 2001
Kurt Angle
96.5%
Vengeance 2002
Kurt Angle
96.5%
WrestleMania XXVIII
John Cena
96.5%
WrestleMania XXIX
John Cena
96.5%
Royal Rumble 1997 (Eliminated by)
Mankind
95.3%
In Your House 15: A Cold Day in Hell
Mankind
95.3%
Breakdown: In Your House
Mankind
95.3%
Survivor Series 1998
Mankind
95.3%
Rock Bottom: In Your House
Mankind
95.3%
Royal Rumble 1999
Mankind
95.3%
St Valentine's Day Massacre: In Your House
Mankind
95.3%
Unforgiven 1999
Mankind
95.3%
WrestleMania 2000
Mick Foley
95.3%
Unforgiven 1999
The Big Show
94.2%
Survivor Series 1999
The Big Show
94.2%
Royal Rumble 2000 (Last Eliminated)
The Big Show
94.2%
No Way Out 2000
The Big Show
94.2%
WrestleMania 2000
The Big Show
94.2%
No Way Out 2003
Hulk Hogan
94.2%
No Mercy 2001
Chris Jericho
93%
Vengeance 2001
Chris Jericho
93%
Royal Rumble 2002
Chris Jericho
93%
SummerSlam 1999
Billy Gunn
91.9%
Armageddon 1999
Billy Gunn
91.9%
WrestleMania XX
Batista
91.9%
Armageddon 1999
Road Dogg
90.7%
WrestleMania X8
Hollywood Hogan
90.7%
WrestleMania XX
Randy Orton
90.7%
Royal Rumble 2013
CM Punk
90.7%
Elimination Chamber 2013
CM Punk
90.7%
WrestleMania 13
The Sultan
89.5%
Insurrextion 2000
Shane McMahon
89.5%
King of the Ring 2000
Vince McMahon
89.5%
King of the Ring 2000
Shane McMahon
89.5%
Fully Loaded 2000
Chris Benoit
89.5%
Unforgiven 2000
Chris Benoit
89.5%
Survivor Series 2000
Rikishi
89.5%
Rebellion 2000
Rikishi
89.5%
Armageddon 2000
Rikishi
89.5%
Unforgiven 2001
Shane McMahon
89.5%
PPV
Opponent
% Correct
Survivor Series 2001
Shane McMahon
89.5%
SummerSlam 2002
Brock Lesnar
89.5%
WrestleMania XX
Ric Flair
89.5%
SummerSlam 2001
Booker T
88.4%
Unforgiven 2001
Booker T
88.4%
Survivor Series 2001
Booker T
88.4%
Survivor Series 2011
The Miz
87.2%
Capital Carnage
X-Pac
83.7%
Unforgiven 1999
The British Bulldog
80.2%
No Mercy 1999
The British Bulldog
80.2%
Survivor Series 1998
The Big Bossman
79.1%
Survivor Series 2001
Rob Van Dam
79.1%
Survivor Series 1997
Ken Shamrock
77.9%
No Way Out of Texas: In Your House
Ken Shamrock
77.9%
WrestleMania XIV
Ken Shamrock
77.9%
Mayhem in Manchester
Ken Shamrock
77.9%
Unforgiven: In Your House
Ken Shamrock
77.9%
Unforgiven: In Your House
Faarooq
77.9%
Over the Edge: In Your House
Faarooq
77.9%
Breakdown: In Your House
Ken Shamrock
77.9%
Survivor Series 1998
Ken Shamrock
77.9%
Judgment Day: In Your House
Mark Henry
74.4%
Backlash 2003
Goldberg
74.4%
Survivor Series 2011
R-Truth
74.4%
Mayhem in Manchester
Owen Hart
68.6%
In Your House 14: Revenge of the Taker
Savio Vega
66.3%
Survivor Series 1996
Jerry Lawler
65.1%
Survivor Series 1996
Goldust
65.1%
Survivor Series 1997
Ahmed Johnson
62.8%
No Way Out of Texas: In Your House
Ahmed Johnson
62.8%
Badd Blood: In Your House
Hawk
61.6%
Badd Blood: In Your House
Animal
61.6%
Survivor Series 1997
Hawk
61.6%
Survivor Series 1997
Animal
61.6%
Survivor Series 1996
Crush
60.5%
No Way Out of Texas: In Your House
8 Ball
59.3%
No Way Out of Texas: In Your House
Skull
57%
No Way Out of Texas: In Your House
Chainz
57%
Unforgiven: In Your House
Steve Blackman
51.2%
Quiz Playlist
Details
Report
Send in Message
Add To Playlist
Classic:
Type in answers that appear in a list
Last Updated: Feb 16, 2017
Quiz Scoreboard
CHALLENGE
Sign Up to Join the Scoreboard
Show All
Scores
Hide
Comments
May contain spoilers
Recently Published
College Basketball Coaching Resumes
by pancakes188
Sports
9m
Billboard Blitz: Fleetwood Mac
by CooCooCachoo
Music
15s
Presidents Visiting Landmarks
by Hejman
History
7m
More to Explore
Quiz From the Vault
Featured Blog Post
Where Did the Easter Bunny Come From?
hide this ad
You Might Also Like...
Tags
opponent
PPV
PPV Opponents
The Rock
Today's Top Quizzes in Sports
Browse Sports
hide this ad
Today's Top Quizzes in opponent
Browse opponent
Top Contributed Quizzes in Sports
1
2022 World Cup Stars
2
Les meilleurs buteurs des matchs entre le PSG et l’OM
3
FIFA Club World Cup Champions
4
Les entraîneurs de l'OM et du PSG au 21e siècle
5
Criteria MLB: Left Handed Sluggers
6
AFC Teams Reveal (Wrong Answers Minefield)
7
5-to-1: UK Sports Teams
8
5-to-1: FBS Animal Nicknames
9
2023 MLB Unique Player Accomplishments
10
Name the Premier League winners with different clubs
Explore More
Trending Topics
Kpop
Marvel
Anime
NBA
Disney
Harry Potter
Crossword
The Office
Puzzle
NFL
Soccer
Country
Song
WWE
Pokémon
hide this ad
More By:
randyorko3589
Quiz
Plays
Rating
Category
Featured
Created
PWI 500 Top 10 For Every Year
8,918
4.03
Sports
Jun 14, 2015
Wrestling Observer Award Winners Part 1
1,155
4.00
Sports
Jun 21, 2015
Highest rated match(es) for every WWE PPV
877
2.71
Sports
Jun 20, 2015
AJPW Real World Tag League Participants (1977-2010)
861
5.00
Sports
Mar 19, 2015
Wrestling Observer Award Winners & Runner Ups (2016 A)
655
4.83
Sports
Mar 7, 2017
Go to Creator's Profile
Score Distribution
Quiz Creator Spotlight
randyorko3589
Follow
Send a Message
Quizzes Created
-
Created Quiz Play Count
-
More By This Creator
Popular Quizzes Today
1
Find the US States - No Outlines Minefield
2
Find the Countries of Europe - No Outlines Minefield
3
The Countries of the World
4
Find the US States
5
Risky Map Clicking: Biggest States A-Z
6
US States
7
Popular People in 1961
8
Movies - When Are They Set?
More Sports Quizzes
Milwaukee Bucks 2019-20 Name Matching
Quiz Lab
Trending Quizzes
Risky Map Clicking: Least Populous States A-Z
1-10 Letter G Words
1-10 Letter F Words
Risky Map Clicking: Next State Alphabetically
Risky Map Clicking: Biggest States A-Z
Recently Updated
Leaping Animals
pecheneg
Reality TV Shows (A-Z)
bhenderson79
Rickey Henderson's Hall of Fame Teammates
pecheneg
Champions League XIs: Arsenal
pecheneg
Quick Pick: Celebrities in WWE's Hall of Fame
aduchscher
A-Z Keypad Blitz II
pecheneg
Multiple Oscar Actors
pecheneg
Mystery Phrase Blitz: Oscar 'Best Actors'
pecheneg
F. Scott Fitzgerald Novels
LTH
Pick 3 Villains
ddd62291
Trending Topics
NBA
Kpop
Harry Potter
Anime
Crossword
Disney
Marvel
Puzzle
The Office
WWE
Country
Song
Pokémon
NFL
Soccer
Your Account Isn't Verified!
In order to create a playlist on Sporcle, you need to verify the email address you used during registration. Go to your
Sporcle Settings
to finish the process.
Report this User
Report this user for behavior that violates our
Community Guidelines
.
Details:
Send Report
Go to the Sporcle.com Mobile Site →
Comments